|
|
|
|
| LEADER |
00000nam a22000007a 4500 |
| 005 |
20220630232121.0 |
| 007 |
cr|||| |||| |
| 008 |
220630s2021 es |||||s|||| 00||0 spa d |
| 020 |
|
|
|a 978-84-1377-916-4
|
| 035 |
|
|
|a 36160
|
| 040 |
|
|
|a vLex
|
| 090 |
|
|
|c 13513
|d 13513
|
| 100 |
1 |
|
|a Ordeąna Gezuraga, Ixusko
|
| 245 |
1 |
0 |
|a Nuevos hitos en la gestin̤ de controversias
|h [Recurso electrn̤ico] :
|b estado, justicia, educacin̤ y empresa /
|c Ixusko Ordeąna Gezuraga
|
| 256 |
|
|
|a Servicio en ln̕ea
|
| 260 |
|
|
|a Madrid:
|b Dykinson,
|c 2021
|
| 300 |
|
|
|a 1 recurso electrn̤ico
|
| 506 |
1 |
|
|a Disponible solo en los productos indicados
|d vLex Global
|d vLex Global (Academic Edition, excluding Law Schools)
|d vLex Global (U.S. Academic Edition, Law Schools)
|d vLex Global (U.S. Academic Edition, excluding Law Schools)
|d vLex Global (Academic Edition, Law Schools)
|
| 650 |
0 |
4 |
|a Derecho Procesal
|z Espaą
|
| 650 |
0 |
4 |
|a Ciencias sociales
|z Espaą
|
| 740 |
0 |
|
|a vLex Libros (Servicio en ln̕ea)
|
| 856 |
4 |
0 |
|u https://app.vlex.com/#/sources/36160
|z Acceso restringido
|
| 942 |
|
|
|c BOOK
|
| 999 |
0 |
|
|a Procedural Law
|
| 999 |
0 |
|
|a Social Sciences
|